Skrytá ekonomika podľa prieskumov verejnej mienky narastá

Prieskum týkajúci sa skrytej ekonomiky na Slovensku - služby bez účtovného dokladu, nezdanených 6,54 mld. Sk, neregistrované nákupy, nákupy mimo registračných pokladníc a nezdanené príjmy z prenajímania.

Gespeichert in:
Bibliographische Detailangaben
1. Verfasser: Okáliová, Darina
Format: Buchkapitel
Sprache:Slowakisch
Schlagworte:
Tags: Tag hinzufügen
Keine Tags, Fügen Sie das erste Tag hinzu!

MARC

LEADER 00000naa a2200000 4500
001 r043652
005 20230801095340.1
041 0 |a slo 
044 |a SK 
245 1 0 |a Skrytá ekonomika podľa prieskumov verejnej mienky narastá  |c Darina Okáliová 
520 |a Prieskum týkajúci sa skrytej ekonomiky na Slovensku - služby bez účtovného dokladu, nezdanených 6,54 mld. Sk, neregistrované nákupy, nákupy mimo registračných pokladníc a nezdanené príjmy z prenajímania. 
610 2 0 |a ekonomika tieňová 
610 2 0 |a obchod čierny 
610 2 0 |a prenájom 
610 2 0 |a neprístojnosti obchodné 
610 2 0 |a prieskum spotrebiteľský 
610 2 0 |a Slovensko 
100 1 |a Okáliová, Darina